[Event "Bahia Blanca Primera CABB"]
[Site "Bahia Blanca"]
[Date "2018.11.18"]
[Round "7.1"]
[White "Garcia Ortiz, Demis"]
[Black "Casazza, Gabriel"]
[Result "1/2-1/2"]
[WhiteElo "1829"]
[BlackElo "1797"]
[PlyCount "41"]
[EventDate "2018.11.18"]
[EventType "swiss"]
[EventRounds "7"]
[EventCountry "ARG"]
[SourceTitle "EXT 2024"]
[Source "ChessBase"]
[SourceDate "2023.10.10"]
[SourceVersion "1"]
[SourceVersionDate "2023.10.10"]
[SourceQuality "1"]

1. d4 d5 2. Nf3 Nf6 3. Bf4 e6 4. e3 Bd6 5. Bg3 Bxg3 6. hxg3 Nbd7 7. Bd3 c6 8. Qe2 Qc7 9. Nbd2 b6 10. e4 dxe4 11. Nxe4 Nxe4 12. Bxe4 Nf6 13. Ne5 Bb7 14. Bd3 0-0-0 15. c3 h6 16. 0-0-0 Rhf8 17. f4 Nd7 18. Rh5 Nxe5 19. Rxe5 Rd5 20. Re3 c5 21. Be4 1/2-1/2

[Event "Bahia Blanca Primera CABB"]
[Site "Bahia Blanca"]
[Date "2018.11.18"]
[Round "4.3"]
[White "Terc, Jorge"]
[Black "Casazza, Gabriel"]
[Result "0-1"]
[WhiteElo "1725"]
[BlackElo "1797"]
[PlyCount "40"]
[EventDate "2018.11.18"]
[EventType "swiss"]
[EventRounds "7"]
[EventCountry "ARG"]
[SourceTitle "EXT 2024"]
[Source "ChessBase"]
[SourceDate "2023.10.10"]
[SourceVersion "1"]
[SourceVersionDate "2023.10.10"]
[SourceQuality "1"]

1. e4 d5 2. exd5 Qxd5 3. Nc3 Qa5 4. d4 c6 5. Bd2 Bf5 6. Nf3 e6 7. h3 Qc7 8. Nh4 Bg6 9. Nxg6 hxg6 10. Qf3 Nf6 11. Bd3 Nbd7 12. a4 Be7 13. Bf4 Qb6 14. 0-0 Qxd4 15. Rfe1 Qb6 16. a5 Qc5 17. a6 b6 18. Nb5 0-0 19. Be3 Qd5 20. Nd4 Qxf3 0-1